LEADER 02192nam 2200505Ia 450 001 9910453920403321 005 20170919014248.0 010 $a1-60805-029-7 035 $a(CKB)2550000001044071 035 $a(EBL)1163643 035 $a(SSID)ssj0000985574 035 $a(PQKBManifestationID)11628304 035 $a(PQKBTitleCode)TC0000985574 035 $a(PQKBWorkID)10945608 035 $a(PQKB)11496767 035 $a(MiAaPQ)EBC1163643 035 $a(EXLCZ)992550000001044071 100 $a20130426d2013 uy 0 101 0 $aeng 135 $aur|n|---||||| 181 $ctxt 182 $cc 183 $acr 200 10$aAdvances in organic synthesis$b[electronic resource] $hVolume 6 /$feditor, Atta-ur-Rahman 210 $aSharjah, United Arab Emirates ;$aOak Park, Ill. $cBentham Science Publishers$d[2013?] 215 $a1 online resource (513 p.) 225 0 $aAdvances in organic synthesis ;$vv. 6 300 $aDescription based upon print version of record. 311 $a1-60805-115-3 320 $aIncludes bibliographical references and index. 330 $aModern Organofluorine Chemistry-Synthetic Aspects - The volume focuses on recent advances in organofluorine chemistry directed towards selective fluorine introduction into various target molecules, employing both traditional and contemporary, electrophilic and nucleophilic, fluorinating agents. It brings together sixteen chapters written by leading experts and active researchers in the field. It is an excellent source of information for synthetic chemists interested in selective fluorination methods and fluorinated building blocks. Advances in Organic Synthesis is a book series devoted to publ 410 0$aAdvances in Organic Synthesis 606 $aOrganic compounds$xSynthesis 606 $aCombinatorial chemistry 608 $aElectronic books. 615 0$aOrganic compounds$xSynthesis. 615 0$aCombinatorial chemistry. 700 $aRahman$b Atta-ur-$f1942-$0544456 801 0$bMiAaPQ 801 1$bMiAaPQ 801 2$bMiAaPQ 906 $aBOOK 912 $a9910453920403321 996 $aAdvances in organic synthesis$91941370 997 $aUNINA LEADER 02871nam 2200601 450 001 9910459994303321 005 20200520144314.0 010 $a1-60807-073-5 035 $a(CKB)2670000000082126 035 $a(EBL)946523 035 $a(OCoLC)796382963 035 $a(SSID)ssj0000516823 035 $a(PQKBManifestationID)12223424 035 $a(PQKBTitleCode)TC0000516823 035 $a(PQKBWorkID)10477063 035 $a(PQKB)10200069 035 $a(MiAaPQ)EBC946523 035 $a(Au-PeEL)EBL946523 035 $a(CaPaEBR)ebr10460263 035 $a(CaBNVSL)mat09100726 035 $a(IEEE)9100726 035 $a(EXLCZ)992670000000082126 100 $a20200729d2011 uy 101 0 $aeng 135 $aurcn||||||||| 181 $ctxt 182 $cc 183 $acr 200 10$aAviation security engineering $ea holistic approach /$fRainer Ko?lle, Garik Markarian, Alex Tarter 210 1$aBoston :$cArtech House,$dİ2011. 210 2$a[Piscataqay, New Jersey] :$cIEEE Xplore,$d[2011] 215 $a1 online resource (360 p.) 225 1 $aArtech House intelligence and information operations series 300 $aDescription based upon print version of record. 311 $a1-60807-072-7 320 $aIncludes bibliographical references and index. 327 $a1. Security and aviation -- 2. Where we stand today -- 3. Moving forward. 330 3 $aFilling a critical gap in aviation engineering literature, this unique and timely resource provides you with a thorough introduction to aviation system security. It enables you to understand the challenges the industry faces and how they are being addressed. You get a complete analysis of the current aviation security standards ARINC 811, ED-127 and the draft SC-216. The book offers you an appreciation for the diverse collection of members within the aviation industry. Moreover, you find a detailed treatment of methods used to design security controls that not only meet individual corporate interests of a stakeholder, but also work towards the holistic securing of the entire industry. This forward-looking volume introduces exciting new areas of aviation security research and techniques for solving today's the most challenging problems, such as security attack identification and response.$cPublisher abstract. 410 0$aArtech House intelligence and information operations series. 606 $aAeronautics$xSecurity measures 608 $aElectronic books. 615 0$aAeronautics$xSecurity measures. 676 $a363.2876 700 $aKo?lle$b Rainer$0906475 701 $aMarkarian$b Garik$0846547 701 $aTarter$b Alex$0906476 801 0$bCaBNVSL 801 1$bCaBNVSL 801 2$bCaBNVSL 906 $aBOOK 912 $a9910459994303321 996 $aAviation security engineering$92027136 997 $aUNINA